[Event "Vesterhavsturneringen B-Gruppen"]
[Site "Esbjerg"]
[Date "1979.07.19"]
[Round "9"]
[White "Pedersen, Hans"]
[Black "Heinicke, Herbert"]
[Result "1/2-1/2"]
[WhiteElo "2210"]
[BlackElo "2410"]
[PlyCount "57"]
[EventDate "1979.??.??"]
[EventType "tourn"]
[EventRounds "11"]
[EventCountry "DEN"]

1. e4 c5 2. Nf3 e6 3. Nc3 Nc6 4. Bb5 Nge7 5. O-O a6 6. Bxc6 Nxc6 7. d4 cxd4 8.
Nxd4 Qc7 9. Nb3 Be7 10. Qg4 Bf6 11. f4 d6 12. e5 dxe5 13. Ne4 Bd7 14. Nxf6+
gxf6 15. Qg7 O-O-O 16. Qxf6 exf4 17. Bxf4 e5 18. Bg3 Be6 19. Rae1 Rhg8 20. Bxe5
Qb6+ 21. Qf2 Bd5 22. Bg3 Qxf2+ 23. Rxf2 Rde8 24. Rfe2 Rxe2 25. Rxe2 f5 26. Rd2
Bxb3 27. axb3 Rd8 28. Bd6 Kd7 29. Bb4+ 1/2-1/2

[Event "Vesterhavsturneringen B-Gruppen"]
[Site "Esbjerg"]
[Date "1979.07.19"]
[Round "9"]
[White "Berg, Klaus"]
[Black "Bednarski, Jacek"]
[Result "0-1"]
[WhiteElo "2270"]
[BlackElo "2375"]
[PlyCount "84"]
[EventDate "1979.??.??"]
[EventType "tourn"]
[EventRounds "11"]
[EventCountry "DEN"]

1. Nf3 Nf6 2. c4 c5 3. e3 g6 4. Nc3 Bg7 5. d4 O-O 6. Be2 cxd4 7. Nxd4 Nc6 8.
O-O d6 9. Qd2 Bg4 10. Bxg4 Nxg4 11. Nc2 Qa5 12. Qe2 Bxc3 13. Qxg4 Bg7 14. Nd4
Qc5 15. Qd7 Qxc4 16. Qxb7 Bxd4 17. exd4 Rab8 18. Qc7 Rfc8 19. Qd7 Rd8 20. Qc7
Rbc8 21. Qb7 Nxd4 22. Bd2 Rc7 23. Qb4 Qxb4 24. Bxb4 Rb8 25. Ba5 Rc4 26. Bd2
Rxb2 27. Be3 Rbb4 28. Rfb1 Rxb1+ 29. Rxb1 Nc6 30. Kf1 d5 31. Rb7 d4 32. Bh6 f6
33. Ke2 Kf7 34. Bf4 Rc2+ 35. Kd3 Rxa2 36. Rc7 Ra3+ 37. Kc4 Rc3+ 38. Kd5 Nb4+
39. Kxd4 Rxc7 40. Bxc7 Ke6 41. Kc4 Nd5 42. Bb8 a6 0-1

[Event "Vesterhavsturneringen B-Gruppen"]
[Site "Esbjerg"]
[Date "1979.07.19"]
[Round "9"]
[White "Dankert, Peter"]
[Black "Isaksen, Brian"]
[Result "0-1"]
[WhiteElo "2360"]
[BlackElo "2275"]
[PlyCount "83"]
[EventDate "1979.??.??"]
[EventType "tourn"]
[EventRounds "11"]
[EventCountry "DEN"]

1. e4 c5 2. Nf3 e6 3. b4 cxb4 4. d4 d5 5. e5 Bd7 6. Bd3 Qb6 7. O-O Nc6 8. Be3
Nh6 9. Nbd2 Be7 10. Rb1 Qc7 11. Re1 Nf5 12. Nf1 O-O 13. Ng3 Nxg3 14. hxg3 f6
15. exf6 gxf6 16. Nh4 Rf7 17. Qh5 Bf8 18. f4 Rg7 19. Bf2 Rd8 20. Nf3 a6 21. f5
exf5 22. Nh4 Bd6 23. Bxf5 Ne7 24. Rb3 Rf8 25. Bxd7 Qxd7 26. Rbe3 Rg5 27. Qf3
Rf7 28. Re6 Kg7 29. Qd3 f5 30. R1e2 Ng6 31. Nf3 Rg4 32. Nh2 Re4 33. R6xe4 fxe4
34. Qb3 Qb5 35. Qe3 Qd7 36. Be1 Qf5 37. Qb3 a5 38. Qe3 h6 39. Bd2 Qg5 40. Qxg5
hxg5 41. Bxg5 Bxg3 42. Nf1 0-1

[Event "Vesterhavsturneringen B-Gruppen"]
[Site "Esbjerg"]
[Date "1979.07.20"]
[Round "10"]
[White "Wicker, Kevin"]
[Black "Rostalski, Walter"]
[Result "1-0"]
[WhiteElo "2315"]
[BlackElo "2330"]
[PlyCount "67"]
[EventDate "1979.??.??"]
[EventType "tourn"]
[EventRounds "11"]
[EventCountry "DEN"]

1. e4 g6 2. Bc4 Bg7 3. Qf3 e6 4. d4 Bxd4 5. Ne2 Bg7 6. Nbc3 Nc6 7. Bf4 Ne5 8.
Bxe5 Bxe5 9. O-O-O c6 10. h4 b5 11. Bb3 a5 12. a4 b4 13. Na2 Qf6 14. Qe3 Bxb2+
15. Kb1 Ba1 16. c3 Bxc3 17. Naxc3 bxc3 18. e5 Qe7 19. Nxc3 f5 20. h5 gxh5 21.
Qf3 Nh6 22. Rxh5 Nf7 23. Nb5 Rb8 24. Nd4 Qc5 25. Ka2 Qxe5 26. Nxf5 exf5 27.
Bxf7+ Kd8 28. Bb3 Qe4 29. Qc3 Qe2+ 30. Rd2 Qxh5 31. Qxa5+ Ke8 32. Qe5+ Kf8 33.
Qxh8+ Ke7 34. Qe5+ 1-0

[Event "Vesterhavsturneringen B-Gruppen"]
[Site "Esbjerg"]
[Date "1979.07.20"]
[Round "10"]
[White "Isaksen, Brian"]
[Black "Rewitz, Jan"]
[Result "1/2-1/2"]
[WhiteElo "2275"]
[BlackElo "2200"]
[PlyCount "87"]
[EventDate "1979.??.??"]
[EventType "tourn"]
[EventRounds "11"]
[EventCountry "DEN"]

1. e4 e6 2. d3 c5 3. g3 Nc6 4. Bg2 g6 5. Nf3 Bg7 6. O-O Nge7 7. Re1 d6 8. Nbd2
O-O 9. c3 Rb8 10. Nf1 b5 11. a3 a5 12. Be3 b4 13. axb4 axb4 14. d4 cxd4 15.
cxd4 d5 16. e5 Qb6 17. Bh3 Na5 18. Bg5 Nec6 19. b3 Na7 20. Qd3 Ba6 21. Qe3 Rfc8
22. Rac1 Nb5 23. Rc5 Rc7 24. Bh6 Nxd4 25. Rxc7 Nxf3+ 26. Qxf3 Qxc7 27. Bxg7
Kxg7 28. Qf6+ Kg8 29. Ne3 Qd8 30. Qxd8+ Rxd8 31. Ra1 Nxb3 32. Rxa6 Nd2 33. Rb6
b3 34. Nf1 Nf3+ 35. Kg2 Ne1+ 36. Kh1 Nd3 37. Rxb3 Nxf2+ 38. Kg2 Ne4 39. Rb2 h5
40. Nd2 Ng5 41. Nf3 Nxf3 42. Kxf3 Ra8 43. Kf4 Kg7 44. Bg2 1/2-1/2

[Event "Vesterhavsturneringen B-Gruppen"]
[Site "Esbjerg"]
[Date "1979.07.20"]
[Round "10"]
[White "Nielsen, Poul Erik"]
[Black "Berg, Klaus"]
[Result "1-0"]
[WhiteElo "2315"]
[BlackElo "2270"]
[PlyCount "81"]
[EventDate "1979.??.??"]
[EventType "tourn"]
[EventRounds "11"]
[EventCountry "DEN"]

1. d4 Nf6 2. c4 e6 3. g3 c5 4. Nf3 cxd4 5. Nxd4 Bb4+ 6. Nc3 Ne4 7. Qc2 Qa5 8.
Ndb5 a6 9. Qxe4 axb5 10. Bd2 bxc4 11. Qxc4 Nc6 12. Bg2 d5 13. Qb3 d4 14. Ne4
Bxd2+ 15. Nxd2 e5 16. a3 O-O 17. Rd1 Be6 18. Qc2 f5 19. O-O e4 20. f3 d3 21.
exd3 e3 22. Nc4 Nd4 23. Qb1 Bxc4 24. dxc4 e2 25. Rxd4 Qc5 26. Qd3 Rad8 27. Qxe2
Qxd4+ 28. Rf2 Rfe8 29. Qc2 Re1+ 30. Bf1 Qe3 31. Qxf5 g6 32. Qa5 Rdd1 33. Kg2
Rxf1 34. Rxf1 Rd2+ 35. Kh3 Qh6+ 36. Kg4 Rd4+ 37. f4 Qh5+ 38. Qxh5 gxh5+ 39.
Kxh5 Rxc4 40. Rf2 Kg7 41. Rd2 1-0

[Event "Vesterhavsturneringen B-Gruppen"]
[Site "Esbjerg"]
[Date "1979.07.20"]
[Round "10"]
[White "Dobosz, Henryk"]
[Black "Dankert, Peter"]
[Result "1-0"]
[WhiteElo "2380"]
[BlackElo "2360"]
[PlyCount "105"]
[EventDate "1979.??.??"]
[EventType "tourn"]
[EventRounds "11"]
[EventCountry "DEN"]

1. e4 Nf6 2. e5 Nd5 3. d4 d6 4. f4 g6 5. Nf3 Bg7 6. c4 Nb6 7. Nc3 dxe5 8. Nxe5
O-O 9. Be3 N6d7 10. Nf3 c5 11. d5 Na6 12. Qd2 Qa5 13. Be2 Nb6 14. Ne5 Bf5 15.
O-O f6 16. Nf3 Nc8 17. a3 Qd8 18. Nh4 Bd7 19. Bd3 Nd6 20. Rae1 b6 21. Qc2 Qc8
22. Bc1 Re8 23. Rf3 Nc7 24. Rg3 f5 25. Nf3 e6 26. Ne5 exd5 27. cxd5 c4 28. Bf1
b5 29. Rd1 Na6 30. Be3 Nc5 31. Rf3 Nde4 32. Bd4 Nb3 33. Be3 a5 34. Nxe4 fxe4
35. Rf2 Nc5 36. Bxc5 Bxe5 37. fxe5 Qxc5 38. e6 e3 39. Re2 Bxe6 40. dxe6 Rxe6
41. Qc3 b4 42. Qd4 Qxd4 43. Rxd4 Rc8 44. Rc2 c3 45. Be2 cxb2 46. Rxc8+ Kg7 47.
Rc7+ Kf6 48. Rd1 bxa3 49. Rf1+ Ke5 50. Rc5+ Kd4 51. Rxa5 Rb6 52. Rd1+ Kc3 53.
Rxa3+ 1-0

[Event "Vesterhavsturneringen B-Gruppen"]
[Site "Esbjerg"]
[Date "1979.07.20"]
[Round "10"]
[White "Heinicke, Herbert"]
[Black "Bednarski, Jacek"]
[Result "0-1"]
[WhiteElo "2410"]
[BlackElo "2375"]
[PlyCount "54"]
[EventDate "1979.??.??"]
[EventType "tourn"]
[EventRounds "11"]
[EventCountry "DEN"]

1. c4 e5 2. Nc3 d6 3. g3 g6 4. Bg2 Bg7 5. Nf3 f5 6. d3 Nf6 7. O-O O-O 8. Bd2
Nh5 9. Qc1 f4 10. Ne4 Nc6 11. e3 Bf5 12. Bc3 Qd7 13. exf4 exf4 14. Bxg7 Qxg7
15. Re1 Rae8 16. Nh4 Nd4 17. Qd1 f3 18. Nxf5 gxf5 19. Bxf3 Nf4 20. Nd2 Rxe1+
21. Qxe1 Nc2 22. Qb1 Nxa1 23. Bxb7 Rb8 24. Bc6 Qxb2 25. Qe1 Qc2 26. Bd5+ Kf8
27. Qxa1 Rb2 0-1

[Event "Vesterhavsturneringen B-Gruppen"]
[Site "Esbjerg"]
[Date "1979.07.20"]
[Round "10"]
[White "Pedersen, Hans"]
[Black "Fuller, Max"]
[Result "1-0"]
[WhiteElo "2210"]
[BlackElo "2380"]
[PlyCount "93"]
[EventDate "1979.??.??"]
[EventType "tourn"]
[EventRounds "11"]
[EventCountry "DEN"]

1. Nf3 g6 2. g3 c5 3. Bg2 Bg7 4. d4 cxd4 5. Nxd4 Nc6 6. Nb3 Nf6 7. O-O O-O 8.
a4 d5 9. a5 Bf5 10. Nc3 Rc8 11. Ra4 e5 12. Bg5 d4 13. Nd5 Qd6 14. Nxf6+ Bxf6
15. Bxf6 Qxf6 16. e4 dxe3 17. fxe3 Rfd8 18. Qf3 Qe7 19. Qf2 Nb4 20. c3 Nd3 21.
Qe2 Qd7 22. Rh4 Be6 23. Nd2 f5 24. g4 Qe7 25. gxf5 gxf5 26. Qh5 Kh8 27. Nf3 Rg8
28. Rd1 Rcd8 29. Rxd3 Rxd3 30. Nxe5 Bd5 31. e4 Qg7 32. Ng4 Rd1+ 33. Kf2 Rd2+
34. Ke1 Rxg2 35. Nf6 Rg1+ 36. Kd2 Qg2+ 37. Ke3 Re1+ 38. Kd4 Qf2+ 39. Ke5 Rxe4+
40. Rxe4 Rg7 41. Kxd5 Qd2+ 42. Ke6 Qd8 43. Kxf5 Qc8+ 44. Kf4 Qc7+ 45. Kf3 Rg6
46. Re8+ Kg7 47. Qxh7+ 1-0

[Event "Vesterhavsturneringen B-Gruppen"]
[Site "Esbjerg"]
[Date "1979.07.21"]
[Round "11"]
[White "Bednarski, Jacek"]
[Black "Nielsen, Poul Erik"]
[Result "1/2-1/2"]
[WhiteElo "2375"]
[BlackElo "2315"]
[PlyCount "35"]
[EventDate "1979.??.??"]
[EventType "tourn"]
[EventRounds "11"]
[EventCountry "DEN"]

1. e4 d5 2. exd5 Qxd5 3. Nc3 Qa5 4. Nf3 Nf6 5. Be2 c6 6. O-O Bf5 7. b4 Qc7 8.
b5 e6 9. Nd4 Bg6 10. bxc6 Nxc6 11. Nxc6 bxc6 12. Bf3 Be7 13. Nb5 Qd7 14. Na3
O-O 15. d3 Nd5 16. Bb2 Nb6 17. Rb1 Bb4 18. Qe2 1/2-1/2

[Event "Vesterhavsturneringen B-Gruppen"]
[Site "Esbjerg"]
[Date "1979.07.21"]
[Round "11"]
[White "Rewitz, Jan"]
[Black "Dobosz, Henryk"]
[Result "0-1"]
[WhiteElo "2200"]
[BlackElo "2380"]
[PlyCount "60"]
[EventDate "1979.??.??"]
[EventType "tourn"]
[EventRounds "11"]
[EventCountry "DEN"]

1. e4 c5 2. d3 e6 3. g3 d5 4. Nd2 Bd6 5. Bg2 Ne7 6. Ngf3 Nbc6 7. O-O O-O 8. Re1
Bc7 9. h4 f5 10. Ng5 f4 11. gxf4 h6 12. exd5 exd5 13. Ne6 Bxe6 14. Rxe6 Qd7 15.
Bh3 Nd4 16. Re3 Nef5 17. c3 Ne6 18. Qg4 Nxf4 19. Rf3 h5 20. Qg5 Nxh3+ 21. Rxh3
Nd4 22. Re3 Qf7 23. Qg2 Nc2 24. Rf3 Qe6 25. Rb1 Ne1 26. Rxf8+ Rxf8 27. Qg5 Rf5
28. Qe3 Qg6+ 29. Kf1 Nxd3 30. f3 Re5 0-1

[Event "Vesterhavsturneringen B-Gruppen"]
[Site "Esbjerg"]
[Date "1979.07.21"]
[Round "11"]
[White "Berg, Klaus"]
[Black "Wicker, Kevin"]
[Result "1-0"]
[WhiteElo "2270"]
[BlackElo "2315"]
[PlyCount "81"]
[EventDate "1979.??.??"]
[EventType "tourn"]
[EventRounds "11"]
[EventCountry "DEN"]

1. Nf3 g6 2. d4 Bg7 3. c4 d6 4. Nc3 Bg4 5. e3 Nf6 6. Be2 O-O 7. O-O c6 8. e4
Nbd7 9. Be3 e5 10. d5 c5 11. Ne1 Bxe2 12. Qxe2 Nh5 13. Nd3 Bh8 14. Rab1 Ng7 15.
a3 f5 16. f3 Nb6 17. b4 Nxc4 18. bxc5 Nxe3 19. Qxe3 Qa5 20. Nb5 fxe4 21. fxe4
dxc5 22. Rxf8+ Rxf8 23. Qxc5 a6 24. Nc7 Qd2 25. Nf2 Ne8 26. Ne6 Rf7 27. Rd1 Qe2
28. Rf1 Qb5 29. Qc1 Nd6 30. Ng5 Re7 31. Ng4 Bg7 32. Ne6 Qc4 33. Qg5 Rxe6 34.
dxe6 Qxe6 35. Qd8+ Ne8 36. Ne3 b5 37. Nd5 Bf8 38. Kh1 Bxa3 39. Nc7 Qe7 40. Qxe7
Bxe7 41. Nxe8 1-0

[Event "Vesterhavsturneringen B-Gruppen"]
[Site "Esbjerg"]
[Date "1979.07.21"]
[Round "11"]
[White "Fuller, Max"]
[Black "Heinicke, Herbert"]
[Result "1-0"]
[WhiteElo "2380"]
[BlackElo "2410"]
[PlyCount "55"]
[EventDate "1979.??.??"]
[EventType "tourn"]
[EventRounds "11"]
[EventCountry "DEN"]

1. e4 e6 2. d4 d5 3. Nd2 dxe4 4. Nxe4 Nd7 5. Nf3 Ngf6 6. Nxf6+ Nxf6 7. Bd3 Be7
8. Bg5 b6 9. Bxf6 Bxf6 10. Be4 Rb8 11. c3 O-O 12. Qc2 g6 13. h4 Bb7 14. Bxb7
Rxb7 15. O-O-O Qd5 16. Kb1 Qf5 17. Qxf5 exf5 18. Rhe1 Rd8 19. g3 c6 20. Kc2
Rbd7 21. a4 Rd5 22. Rd2 Kg7 23. Rde2 Ra5 24. b3 c5 25. Re8 Rd6 26. Ne5 b5 27.
dxc5 Rd5 28. Nc6 1-0

[Event "Vesterhavsturneringen B-Gruppen"]
[Site "Esbjerg"]
[Date "1979.07.21"]
[Round "11"]
[White "Dankert, Peter"]
[Black "Pedersen, Hans"]
[Result "1-0"]
[WhiteElo "2360"]
[BlackElo "2210"]
[PlyCount "65"]
[EventDate "1979.??.??"]
[EventType "tourn"]
[EventRounds "11"]
[EventCountry "DEN"]

1. e4 c5 2. Nf3 Nc6 3. Bb5 Nf6 4. e5 Nd5 5. Nc3 Nc7 6. Bxc6 dxc6 7. h3 g6 8.
O-O Bg7 9. Re1 O-O 10. d3 Ne6 11. b3 Qc7 12. Bb2 Bd7 13. Ne4 Rad8 14. Qd2 Bc8
15. Qe3 b6 16. Neg5 h6 17. Nxe6 Bxe6 18. Qf4 f5 19. h4 Bd5 20. Nh2 b5 21. c4
Be6 22. Re3 bxc4 23. dxc4 a5 24. Rg3 Kh7 25. Re1 a4 26. Nf3 axb3 27. h5 gxh5
28. axb3 Rd3 29. Qh4 Rxb3 30. Qxh5 Kg8 31. Qxh6 Rf7 32. Qxe6 Rxb2 33. Ng5 1-0

[Event "Vesterhavsturneringen B-Gruppen"]
[Site "Esbjerg"]
[Date "1979.07.21"]
[Round "11"]
[White "Rostalski, Walter"]
[Black "Isaksen, Brian"]
[Result "0-1"]
[WhiteElo "2330"]
[BlackElo "2275"]
[PlyCount "82"]
[EventDate "1979.??.??"]
[EventType "tourn"]
[EventRounds "11"]
[EventCountry "DEN"]

1. d4 Nf6 2. c4 e6 3. Nf3 b6 4. e3 Bb7 5. Bd3 Bb4+ 6. Nbd2 O-O 7. O-O d5 8. a3
Be7 9. b3 c5 10. Bb2 Nbd7 11. Qe2 Rc8 12. Ne5 Ne4 13. Rad1 Nxe5 14. dxe5 Nxd2
15. Rxd2 Qc7 16. f4 dxc4 17. bxc4 Rcd8 18. Rfd1 Qc6 19. e4 Rd7 20. Qg4 Rfd8 21.
f5 Bf8 22. f6 g6 23. Qf4 Ba6 24. Bc1 b5 25. cxb5 Bxb5 26. Bxb5 Qxb5 27. Rd6 c4
28. Be3 Rxd6 29. exd6 e5 30. Qh4 Rxd6 31. Rf1 c3 32. Qg4 c2 33. h4 Qd3 34. Bc1
Rxf6 35. Re1 Qc3 36. Qe2 Bc5+ 37. Kh2 Rf2 38. Qb5 Qxe1 39. Bh6 Rxg2+ 40. Kxg2
Qf2+ 41. Kh3 Qf3+ 0-1